Ultimate World of Tanks Trivia - Statistics

General Stats
  • This quiz has been taken 636 times
  • The average score is 7 of 15
Answer Stats
Hint Answer % Correct
What tank has the most hitpoints? Maus
77%
Which nations vehicles are renound for having the best gun depression? USA
75%
How many kills must each platoon member achieve without dying to earn Brothers in Arms? 3
68%
Which vehicle has the largest caliber gun in the game? T92
61%
Quack. AMX 40
59%
What is the only tier 10 medium American tank in the game? M48 Patton
56%
What caliber guns do all the tier 10 Russian mediums use? 100mm
51%
How many credits does a tier 10 vehicle cost? 6,100,000
49%
Infamous tier 5 French scout. ELC AMX
40%
Which vehicle has the highest DPM in the game? Tortoise
36%
Word most frequently used in game chat. Noob
34%
What tank is also known as 'The Toaster'? PzSfl.IVc
32%
What is the fastest tank in the game? T2 Light
14%
What is the award given to a player if they score 14 or more kills? Raseiniai Heroes Medal
11%
Prior to patch 9.3 what part of German heavies and mediums when penetrated would have an increased chance of causing engine fires? Lower Glacis
10%
No matching quizzes found
Score Distribution
Percent of People with Each Score
Percentile by Number Answered
Your Score History
You have not taken this quiz